Prácticas de química
Publicado:
Barcelona :
Diputación Provincial de Barcelona. Escuela de Trabajo. Escuela de Maestría Industrial, dl 1967 - 1972
Descripción Física:
3 v. : il. ; 30 cm
Materias:
Química -- Pràctiques
MARC
| LEADER | 00000nam a2200000Ia 4500 | ||
|---|---|---|---|
| 001 | 6232, 6233, 6234 | ||
| 008 | 160829s9999 xx 000 0 cat d | ||
| 080 | |a FU-20-21, FU-20-22, FU-20-23 | ||
| 245 | |a Prácticas de química | ||
| 260 | |a Barcelona : |b Diputación Provincial de Barcelona. Escuela de Trabajo. Escuela de Maestría Industrial, dl 1967 - 1972 | ||
| 300 | |a 3 v. : |b il. ; |c 30 cm | ||
| 650 | |a Química |x Pràctiques |9 29902 | ||
| 710 | 2 | |a Escola del Treball (Barcelona, Catalunya) |9 54586 | |
| 901 | |a Arxiu | ||
| 942 | |n 1 | ||
| 952 | |0 0 |1 0 |4 0 |6 FU2021_FU2022_FU2023 |7 1 |9 45156 |a Arxiu |b Arxiu |d 2016-12-01 |l 0 |o FU-20-21, FU-20-22, FU-20-23 |p 6232, 6233, 6234 |r 2016-12-01 00:00:00 |w 2016-12-01 |y ARXIU | ||
| 999 | |c 48227 |d 48227 | ||